|
|
|
|
| LEADER |
00000naa0a2200000 4500 |
| 001 |
640614 |
| 005 |
20250602163042.0 |
| 035 |
|
|
|a (RuTPU)RU\TPU\network\5174
|
| 090 |
|
|
|a 640614
|
| 100 |
|
|
|a 20150422d2014 k y0rusy50 ca
|
| 101 |
0 |
|
|a rus
|
| 102 |
|
|
|a RU
|
| 135 |
|
|
|a drnn ---uucaa
|
| 181 |
|
0 |
|a i
|
| 182 |
|
0 |
|a b
|
| 200 |
1 |
|
|a Публикационная деятельность в контексте социокультурной коммуникации
|f Н. М. Панькова, Н. Н. Кабанова
|
| 203 |
|
|
|a Текст
|c электронный
|
| 300 |
|
|
|a Заглавие с титульного листа
|
| 320 |
|
|
|a [Библиогр.: 19 назв.]
|
| 463 |
|
|
|t Connect-Universum — 2014
|o conference materials, 20-22 Мая 2014., Томск
|v [С. 1-4]
|d 2014
|
| 610 |
1 |
|
|a электронный ресурс
|
| 610 |
1 |
|
|a труды учёных ТПУ
|
| 610 |
1 |
|
|a публикационная активность
|
| 700 |
|
1 |
|a Панькова
|b Н. М.
|g Наталья Михайловна
|f 1975-
|c философ
|c доцент Томского политехнического университета, кандидат философских наук
|3 (RuTPU)RU\TPU\pers\25434
|9 11376
|
| 701 |
|
1 |
|a Кабанова
|b Н. Н.
|c специалист в области инженерной педагогики
|c ведущий менеджер Томского политехнического университета
|f 1977-
|g Наталья Николаевна
|3 (RuTPU)RU\TPU\pers\32920
|9 16768
|
| 712 |
0 |
2 |
|a Национальный исследовательский Томский политехнический университет (ТПУ)
|b Институт социально-гуманитарных технологий (ИСГТ)
|b Кафедра иностранных языков (ИЯСГТ)
|3 (RuTPU)RU\TPU\col\18376
|
| 801 |
|
2 |
|a RU
|b 63413507
|c 20150422
|g RCR
|
| 850 |
|
|
|a 63413507
|
| 856 |
4 |
|
|u http://connect-universum.tsu.ru/blog/connectuniversum2014_ru/517.html
|
| 942 |
|
|
|c CF
|